|
|
|
|
| LEADER |
00000nas a2200000 a 4500 |
| 001 |
ssj0012498 |
| 003 |
WaSeSS |
| 005 |
20200512172242.0 |
| 006 |
m d |
| 007 |
cr n |
| 008 |
971110c19869999oncbx pss 0 a0eng d |
| 010 |
|
|
|a cn 99790001
|
| 016 |
|
|
|a 860716724
|
| 016 |
|
|
|a 997900016
|
| 016 |
7 |
|
|a 8606068
|2 DNLM
|
| 016 |
7 |
|
|a SR0056550
|2 DNLM
|
| 016 |
7 |
|
|a 003273758
|2 IsJJNL
|
| 016 |
7 |
|
|a 012101784
|2 Uk
|
| 022 |
|
|
|a 1208-6002
|l 0829-8211
|y 0829-8211
|
| 030 |
|
|
|a BCBIEQ
|
| 035 |
|
|
|a (WaSeSS)ssj0012498
|
| 037 |
|
|
|b Canadian Science Publishing, NRC Research Press, P.O. Box 830399, Birmingham, AL 35283-0399
|
| 040 |
|
|
|a F#A
|b eng
|c F#A
|d OCL
|d NLC
|d OCL
|d OCLCQ
|d OCL
|d OCLCS
|d PFM
|d AU@
|d OCLCQ
|d SERSO
|d OCLCQ
|d OCLCF
|d VT2
|d OCLCO
|d J9U
|d OCLCQ
|d DLC
|d OCLCO
|d EUW
|d OCLCQ
|d OCLCO
|d OCLCQ
|d COCUF
|d OCLCO
|d WT2
|d OCLCQ
|d OCLCO
|d OCLCQ
|d OCLCA
|d BUF
|d OCLCQ
|d UUM
|d OCLCQ
|d OCLCO
|d WYU
|d U3W
|d OCLCO
|d OCLCQ
|d OCLCO
|d OCLCQ
|d OCLCO
|d OCLCA
|d SFB
|d WaSeSS
|
| 041 |
0 |
|
|a eng
|b fre
|
| 042 |
|
|
|a nlc
|a isds/c
|
| 050 |
|
4 |
|a QP501
|
| 060 |
0 |
|
|a W1
|b BI6305
|
| 082 |
1 |
4 |
|a 572
|2 13
|
| 130 |
0 |
|
|a Biochemistry and cell biology (Online)
|
| 210 |
0 |
|
|a Biochem. cell. biol.
|b (Online)
|
| 222 |
|
0 |
|a Biochemistry and cell biology
|b (Online)
|
| 245 |
1 |
0 |
|a Biochemistry and cell biology
|h [electronic resource] =
|b Biochimie et biologie cellulaire.
|
| 246 |
3 |
1 |
|a Biochemie et biologie cellulaire
|
| 260 |
|
|
|a [Ottawa] :
|b [NRC Press, National Research Council of Canada]
|
| 260 |
3 |
|
|3 <2010->
|a Ottawa, ON :
|b Canadian Science Publishing
|
| 310 |
|
|
|a Six issues yearly
|
| 362 |
1 |
|
|a Print began with vol. 64, no. 1 (Jan. 1986).
|
| 506 |
|
|
|a License restrictions may limit access.
|
| 538 |
|
|
|a Mode of access: World Wide Web.
|
| 546 |
|
|
|a Articles in English; abstracts in English and French.
|
| 550 |
|
|
|a Official journal of the Canadian Biochemical Society and the Canadian Society for Cell Biology; Volumes for 2010- issued by NRC Research Press.
|
| 588 |
0 |
|
|a Vol. 75, no. 1 (1997); title from journal information screen (viewed Nov. 9, 1997).
|
| 588 |
1 |
|
|a Vol. 89, no. 1 (Jan. 2011) (publisher's Web site, viewed March 17, 2014).
|
| 650 |
|
0 |
|a Biochemistry
|v Periodicals.
|
| 650 |
|
0 |
|a Cytology
|v Periodicals.
|
| 650 |
|
2 |
|a Biochemistry.
|
| 650 |
|
2 |
|a Cell Biology.
|
| 650 |
|
6 |
|a Biochimie
|v Périodiques.
|
| 650 |
|
6 |
|a Cytologie
|v Périodiques.
|
| 650 |
|
7 |
|a Biochemistry.
|2 ebps
|
| 650 |
|
7 |
|a Histology.
|2 ebps
|
| 650 |
|
7 |
|a Molecular Biology.
|2 ebps
|
| 650 |
|
7 |
|a Biochemistry.
|2 fast
|0 (OCoLC)fst00831961
|
| 650 |
|
7 |
|a Cytology.
|2 fast
|0 (OCoLC)fst00886282
|
| 655 |
|
0 |
|a Electronic journals.
|
| 710 |
2 |
|
|a National Research Council of Canada.
|
| 710 |
2 |
|
|a Canadian Biochemical Society.
|
| 710 |
2 |
|
|a Canadian Society for Cell Biology.
|
| 710 |
2 |
|
|a NRC Research Press.
|
| 776 |
0 |
8 |
|i Print version:
|t Biochemistry and cell biology
|x 0829-8211
|w (DLC) 86547146
|w (OCoLC)13240569
|
| 856 |
4 |
0 |
|z Full text available from Research Library: 01/01/1998 to 06/30/2007
|u https://search.proquest.com/publication/47596
|